Antología de poesía chilena nueva
Sábháilte in:
| Príomhchruthaitheoirí: | , |
|---|---|
| Formáid: | LEABHAR |
| Teanga: | Spáinnis |
| Foilsithe / Cruthaithe: |
Santiago
Zig Zag
1935
|
| Eagrán: | 1a. ed |
| Ábhair: | |
| Clibeanna: |
Cuir clib leis
Níl clibeanna ann, Bí ar an gcéad duine le clib a chur leis an taifead seo!
|
MARC
| LEADER | 00000nam a2200000 a 4500 | ||
|---|---|---|---|
| 001 | UCJ3724 | ||
| 003 | CL-VaPUC | ||
| 005 | 20240924105139.0 | ||
| 008 | 070124e19350300CL |||||||||||||||||spa|d | ||
| 999 | |c 319846 |d 319844 | ||
| 040 | |c Pontificia Universidad Católica de Valparaíso | ||
| 082 | 0 | 4 | |a Ch861 |b ANG |2 21 |
| 100 | 0 | |a Anguita, Eduardo |e author |9 310551 | |
| 245 | 1 | 0 | |a Antología de poesía chilena nueva |
| 250 | |a 1a. ed | ||
| 260 | |a Santiago |b Zig Zag |c 1935 | ||
| 300 | |a 169 p | ||
| 500 | |a Ambos autores han sido galardoneados con el Premio Nacional de Literatura: Anguita en 1988 y Teitelboim el 2002 | ||
| 583 | |a last modification |c 20070124 00:00:00 |k Rodrigo Vera | ||
| 600 | 0 | 7 | |a CRUCHAGA SANTA MARIA, ANGEL |2 CL-VaPUC |9 352821 |
| 600 | 0 | 7 | |a Rokha, Pablo de, |d 1894-1968 |9 879664 |
| 600 | 0 | 7 | |a VALLE, ROSAMEL DEL |2 CL-VaPUC |9 430303 |
| 600 | 0 | |a Neruda, Pablo, |d 1904-1973 |e autor |9 471955 | |
| 600 | 0 | 7 | |a VALLE, JUVENCIO |2 CL-VaPUC |9 360235 |
| 600 | 0 | 7 | |a DIAZ CASANUEVA, HUMBERTO |2 CL-VaPUC |9 371547 |
| 600 | 0 | 7 | |a CACERES, OMAR |2 CL-VaPUC |9 466193 |
| 600 | 0 | 7 | |a ANGUITA, EDUARDO |2 CL-VaPUC |9 310551 |
| 600 | 0 | 7 | |a TEITELBOIM, VOLODIA |2 CL-VaPUC |9 406422 |
| 600 | 0 | |a García-Huidobro Fernández, Vicente, |d 1893-1948 |9 858153 | |
| 650 | 0 | |a Poesía chilena |9 268403 | |
| 650 | 0 | |a Crítica literaria |9 269189 | |
| 650 | 7 | |a CREACIONISMO |2 CL-VaPUC |9 320562 | |
| 650 | 0 | |a Antipoesía |9 505336 | |
| 650 | 7 | |a PREMIO NACIONAL DE LITERATURA |2 CL-VaPUC |9 420379 | |
| 700 | 0 | |a Teitelboim, Volodia |e author |9 406422 | |
| 852 | |a BIBCUR | ||
| 942 | |c BK |2 ddc | ||
| 945 | |d 20070124 00:00:00 |a rinostro | ||
| 952 | |0 0 |1 0 |4 0 |6 CH_861_000000000000000_ANG_1935 |7 0 |8 X |9 398242 |a FDOBUD |b FDOBUD |d 2019-11-22 |i 1007491 |o Ch861 ANG 1935 |p 1007491 |r 2019-11-22 |w 2019-11-22 |y BK_X |k BUD | ||